LDR 00892naa#a2200181#i#450# 001 EN\\bibl\117962 005 20260514103212.4 011 ## _a2500-4026 100 ## _a20251230b2025####ek#y0engy0150####ca 101 0# _aRUS 102 ## _aRU 200 1# _aINSTRUMENTAL METHOD FOR MONITORING THE SAFETY OF FIRE TRUCK POWER UNITS BASED ON EXHAUST GAS SMOKE OPACITY _eJournal article 210 1# _aZheleznogorsk _cFSBEE HE Siberian Fire and Rescue Academy EMERCOM of Russia _d2025 215 ## _a10 с. 608 ## _aJournal article _2local 675 ## _aЭксплуатация наземного безрельсового транспорта. Движение по улицам и дорогам. 656.1 _aЗащита от шума. Борьба с шумами. 628.517.2 _aВыпуск газообразных горючих веществ. 614.841.43 _zRUS 700 #1 _aSatsuk _gI V 856 4# _aapbt-sibpsa.editorum.ru _u